Fiscal Policy and Development : Human, Social, and Physical Investments for the SDGs /

The goal of this paper is to estimate the additional annual spending required for meaningful progress on the SDGs in these areas. Our estimates refer to additional spending in 2030, relative to a baseline of current spending to GDP in these sectors. Toward this end, we apply an innovative costing me...

詳細記述

書誌詳細
第一著者: Gaspar, Vitor
その他の著者: Amaglobeli, David, Garcia-Escribano, Mercedes, Prady, Delphine
フォーマット: 雑誌
言語:English
出版事項: Washington, D.C. : International Monetary Fund, 2019.
シリーズ:Staff Discussion Notes; Staff Discussion Notes ; No. 2019/003
オンライン・アクセス:Full text available on IMF
LEADER 01788cas a2200277 a 4500
001 AALejournalIMF018945
008 230101c9999 xx r poo 0 0eng d
020 |c 5.00 USD 
020 |z 9781484388914 
022 |a 2221-030X 
040 |a BD-DhAAL  |c BD-DhAAL 
100 1 |a Gaspar, Vitor. 
245 1 0 |a Fiscal Policy and Development :   |b Human, Social, and Physical Investments for the SDGs /  |c Vitor Gaspar, David Amaglobeli, Mercedes Garcia-Escribano, Delphine Prady. 
264 1 |a Washington, D.C. :  |b International Monetary Fund,  |c 2019. 
300 |a 1 online resource (45 pages) 
490 1 |a Staff Discussion Notes 
500 |a <strong>Off-Campus Access:</strong> No User ID or Password Required 
500 |a <strong>On-Campus Access:</strong> No User ID or Password Required 
506 |a Electronic access restricted to authorized BRAC University faculty, staff and students 
520 3 |a The goal of this paper is to estimate the additional annual spending required for meaningful progress on the SDGs in these areas. Our estimates refer to additional spending in 2030, relative to a baseline of current spending to GDP in these sectors. Toward this end, we apply an innovative costing methodology to a sample of 155 countries: 49 low- income developing countries, 72 emerging market economies, and 34 advanced economies. And we refine the analysis with five country studies: Rwanda, Benin, Vietnam, Indonesia, and Guatemala. 
538 |a Mode of access: Internet 
700 1 |a Amaglobeli, David. 
700 1 |a Garcia-Escribano, Mercedes. 
700 1 |a Prady, Delphine. 
830 0 |a Staff Discussion Notes; Staff Discussion Notes ;  |v No. 2019/003 
856 4 0 |z Full text available on IMF  |u http://elibrary.imf.org/view/journals/006/2019/003/006.2019.issue-003-en.xml  |z IMF e-Library